| 000 | 01033nam a22002657a 4500 | ||
|---|---|---|---|
| 999 |
_c157668 _d157668 |
||
| 003 | dpl | ||
| 005 | 20180924145411.0 | ||
| 008 | 180924b ||||| |||| 00| 0 eng d | ||
| 010 | _aB-143936 | ||
| 020 |
_c295.00 _a8126708832 |
||
| 035 | _aB-143936 | ||
| 037 | _bBPPD/PUB | ||
| 040 |
_aDPL _bHN _c0 |
||
| 082 |
_aउ _bमैत्रेयी |
||
| 100 |
_aमैत्रेयी पुष्पा _971477 |
||
| 245 |
_aकही ईसुरी फाग / _cमैत्रेयी पुष्पा |
||
| 260 |
_aनयी दिल्ली _bराजकमल प्रकाशन _c2004 |
||
| 270 |
_a1- बी, नेताजी सुभाष मार्ग _bनयी दिल्ली _e110002 |
||
| 300 |
_a399पृ. _c22सेमी (सजिल्द) |
||
| 650 |
_aहिन्दी साहित्य _971478 |
||
| 650 |
_aकहानियां _971479 |
||
| 650 |
_aHindi literature _971480 |
||
| 650 |
_aStories _97500 |
||
| 942 |
_2ddc _cHN _hउ _mमैत्रेयी |
||